Normal view
MARC view
Entry Topical Term
001 - CONTROL NUMBER
- control field: 38817
003 - CONTROL NUMBER IDENTIFIER
- control field: OSt
005 - DATE AND TIME OF LATEST TRANSACTION
- control field: 20160218121131.0
008 - FIXED-LENGTH DATA ELEMENTS
- fixed length control field: 160218|| aca||aabn | a|a d
040 ## - CATALOGING SOURCE
- Original cataloging agency: OSt
- Transcribing agency: OSt
150 ## - HEADING--TOPICAL TERM
- Topical term or geographic name entry element: Language
670 ## - SOURCE DATA FOUND
- Source citation: Work cat.: (OSt)27808: श्रीवास्तव डॉ. सन्तोषकुमार 38816, भाषा विज्ञान और हिन्दी भाषा का विकास , 1981









